000 00726nam a2200241Ia 4500
003 OSt
005 20220926011925.0
006 a|||||r|||| 00| 0
007 ta
008 220923b |||||||| |||| 00| 0 eng d
037 _cGeneral Book
040 _aRTL
_cRTL
_beng
041 _2eng
_aeng
082 _aX:8:(D6,9(B), K8
100 _aLipperman Lawrence L.
_9315242
245 0 _aAdvanced business systems
260 _aNew York
_bAmerican Management Association U. S. A.
_c1968
300 _a94p.
_ccm.
490 _aAmerican Management Association, Research Study, 86.
650 _aManagement
_930681
942 _hX:8:(D6,9(B), K8
_cGB
_2CC
999 _c621291
_d621291